| 000 | 00629nam a2200205 a 4500 | ||
|---|---|---|---|
| 005 | 20240925064855.0 | ||
| 008 | 991125s1973 mx 000 0 spa u | ||
| 035 | _aUPN01000003977 | ||
| 040 |
_aUPN _bspa _cUPN |
||
| 049 | _aCG | ||
| 050 | 4 |
_aBF25 _bT4.68 no.7 |
|
| 100 | 1 |
_aCohen, Jozef, _d1921-1995 _931680 |
|
| 245 | 1 | 0 |
_aAprendizaje complejo : _bcómo aprenden los seres humanos / _cJozef Cohen ; tr. Gustavo Fernández Pardo. |
| 260 |
_aMéxico : _bTrillas, _c1973. |
||
| 300 |
_a66 p. : _bil. |
||
| 440 | 0 |
_aTemas de psicología ; _v7 |
|
| 650 | 4 |
_aPsicología del aprendizaje _95221 |
|
| 905 | _aLibro | ||
| 942 |
_2lcc _cLIBRO |
||
| 999 |
_c3977 _d3977 |
||